000 00757nam a2200253Ia 4500
003 OSt
005 20220927110509.0
006 a|||||r|||| 00| 0
007 ta
008 220926b |||||||| |||| 00| 0 eng d
024 _a83590
037 _cReports
040 _aRTL
_cRTL
_beng
041 _2eng
_aeng
082 _a"X9(D):2.2.N6t4, K3"
110 _aNational Council Of Applied Economic Research (New Delhi)
245 0 _aSanctioned capacities in engineering industries
260 _aNew
_bDelhi NCAER
_c1963
300 _a271p
_ccm.
650 _aEngineering
700 _aNational Council Of Applied Economic Research (New Delhi)
942 _h"X9(D):2.2.N6t4, K3"
_cCC
999 _c697047
_d697047